[Event "East European zonal 3 (w)"]
[Site "Brno CSR"]
[Date "1989.??.??"]
[Round "4"]
[White "Forgo, Eva"]
[Black "Voiska, Margarita"]
[Result "1/2-1/2"]
[WhiteElo "2165"]
[BlackElo "2335"]
[EventDate "1989.09.23"]
[PlyCount "67"]

1.e4 e6 2.d4 d5 3.Nd2 Nf6 4.Bd3 c5 5.e5 Nfd7 6.c3 Nc6 7.Ne2 Qb6 8.Nf3 cxd4
9.cxd4 f6 10.exf6 Nxf6 11.O-O Bd6 12.Nc3 O-O 13.Bg5 Kh8 14.Na4 Qa5 15.Rc1 
Ne4 16.Be3 Bd7 17.Nc3 Nf6 18.Bb1 Be8 19.Nh4 Bh5 20.f3 Qc7 21.g3 a6 22.Qd3 
Qd7 23.Na4 Rae8 24.Nc5 Bxc5 25.Rxc5 e5 26.dxe5 Nxe5 27.Qb3 Nc4 28.Bf4 Re2 
29.Bf5 Qe8 30.Rc8 Qe7 31.Rc7 Qe8 32.Rc8 Qe7 33.Rc7 Qe8 34.Rc8 1/2-1/2

[Event "East European zonal 3 (w)"]
[Site "Brno CSR"]
[Date "1989.??.??"]
[Round "4"]
[White "Ghinda, Eugenia"]
[Black "Muresan, Margareta"]
[Result "1/2-1/2"]
[WhiteElo "2200"]
[BlackElo "2215"]
[EventDate "1989.09.23"]
[PlyCount "79"]

1.e4 c5 2.Nf3 Nc6 3.d4 cxd4 4.Nxd4 e5 5.Nb5 d6 6.N1c3 a6 7.Na3 b5 8.Nd5 
Nge7 9.c4 Nd4 10.cxb5 Nxd5 11.exd5 Be7 12.Bc4 O-O 13.O-O f5 14.Be3 axb5 
15.Bd3 b4 16.Nc4 Bb7 17.Bxd4 exd4 18.Qb3 Bxd5 19.Qxb4 Rb8 20.Qd2 Qd7 21.
Rfc1 Qe6 22.Na5 Bf6 23.Rc2 Rfe8 24.b3 Be4 25.Rf1 Ra8 26.b4 Bd8 27.Nb3 Bb6 
28.Bc4 d5 29.Bd3 f4 30.Nc5 Bxc5 31.Rxc5 f3 32.Bxe4 dxe4 33.Qxd4 Qg4 34.
Qd5+ Kh8 35.Qg5 Qxg5 36.Rxg5 Rxa2 37.gxf3 exf3 38.Rf5 Rb2 39.Rxf3 Rxb4 40.
Rd1 1/2-1/2

[Event "East European zonal 3 (w)"]
[Site "Brno CSR"]
[Date "1989.??.??"]
[Round "4"]
[White "Kisova, Petra"]
[Black "Veroci-Petronic, Zsuzsa"]
[Result "0-1"]
[WhiteElo "2105"]
[BlackElo "2340"]
[EventDate "1989.09.23"]
[PlyCount "80"]

1.e4 e5 2.Nf3 Nc6 3.Bb5 a6 4.Ba4 d6 5.Bxc6+ bxc6 6.d4 exd4 7.Qxd4 c5 8.Qd3
g6 9.Nc3 Bg7 10.Bg5 f6 11.Bh4 Be6 12.O-O-O g5 13.Bg3 Nh6 14.h4 g4 15.Nd2 
O-O 16.Rhe1 Nf7 17.f4 gxf3 18.gxf3 Ne5 19.Qe3 Rb8 20.Rg1 Kh8 21.h5 f5 22.
Bf4 Bf6 23.Bh6 Rf7 24.Qf4 Nc6 25.exf5 Be5 26.Qa4 Bd7 27.Qc4 Rxf5 28.Nde4 
Nd4 29.f4 Rxf4 30.Bxf4 Bxf4+ 31.Kb1 Rxb2+ 32.Ka1 Rb4 33.Qd3 Be6 34.Nd2 Bf5
35.Nce4 Bxd2 36.Rxd2 Bxe4 37.Qc3 Qf6 38.a3 Rb5 39.Ka2 Qe6+ 40.Ka1 Qf6 0-1

[Event "East European zonal 3 (w)"]
[Site "Brno CSR"]
[Date "1989.??.??"]
[Round "4"]
[White "Prochazkova, Dana"]
[Black "Skacelova, Libuse"]
[Result "1/2-1/2"]
[WhiteElo "2025"]
[BlackElo "2160"]
[EventDate "1989.09.23"]
[PlyCount "30"]

1.d4 Nf6 2.c4 g6 3.Nc3 Bg7 4.e4 d6 5.Be2 O-O 6.Nf3 e5 7.dxe5 dxe5 8.Qxd8 
Rxd8 9.Bg5 Re8 10.Nd5 Nxd5 11.cxd5 c6 12.Bc4 cxd5 13.Bxd5 Nc6 14.Ke2 Be6 
15.Bxe6 Rxe6 1/2-1/2

[Event "East European zonal 3 (w)"]
[Site "Brno CSR"]
[Date "1989.??.??"]
[Round "4"]
[White "Savova, Stefka"]
[Black "Klusek, Danuta"]
[Result "1/2-1/2"]
[WhiteElo "2240"]
[BlackElo "2190"]
[EventDate "1989.09.23"]
[PlyCount "50"]

1.e4 e5 2.Nf3 Nc6 3.Nc3 Nf6 4.Bb5 d6 5.d4 Bd7 6.O-O exd4 7.Nxd4 Be7 8.Bxc6
bxc6 9.Qd3 O-O 10.Nf5 Bxf5 11.exf5 d5 12.Bg5 Rb8 13.b3 Ng4 14.Bf4 Bd6 15.
Ne2 Re8 16.h3 Ne5 17.Qd2 Qf6 18.Ng3 h6 19.Rad1 Qh4 20.Be3 Nf3+ 21.gxf3 
Bxg3 22.fxg3 Qxg3+ 23.Kh1 Qxh3+ 24.Kg1 Qg3+ 25.Kh1 Qh3+ 1/2-1/2

[Event "East European zonal 3 (w)"]
[Site "Brno CSR"]
[Date "1989.??.??"]
[Round "4"]
[White "Stanciu, Gabriela"]
[Black "Kaczorowska, Barbara"]
[Result "1/2-1/2"]
[WhiteElo "2215"]
[BlackElo "2225"]
[EventDate "1989.09.23"]
[PlyCount "46"]

1.Nf3 Nf6 2.c4 e6 3.Nc3 d5 4.d4 Be7 5.Bg5 O-O 6.e3 Nbd7 7.Qc2 c6 8.Bd3 
dxc4 9.Bxc4 Nd5 10.Bxe7 Qxe7 11.O-O Nxc3 12.Qxc3 c5 13.Rfd1 b6 14.Bb5 cxd4
15.Nxd4 Nf6 16.Rac1 Nd5 17.Qd2 Bb7 18.e4 Nf6 19.f3 Rac8 20.Qe2 Rfd8 21.
Rxc8 Rxc8 22.Nb3 h6 23.Qd2 Qc7 1/2-1/2

[Event "East European zonal 3 (w)"]
[Site "Brno CSR"]
[Date "1989.??.??"]
[Round "4"]
[White "Velvart, Peterne"]
[Black "Sziva, Erika"]
[Result "1/2-1/2"]
[WhiteElo "2220"]
[BlackElo "2250"]
[EventDate "1989.09.23"]
[PlyCount "119"]

1.d4 Nf6 2.c4 g6 3.Nc3 Bg7 4.e4 d6 5.f4 c5 6.dxc5 Qa5 7.Bd3 Qxc5 8.Qe2 Bg4
9.Nf3 O-O 10.Be3 Qh5 11.O-O Nc6 12.Rac1 Rfc8 13.h3 Bxf3 14.Rxf3 Qa5 15.Bb1
Nd7 16.Qf2 a6 17.Kh1 Qd8 18.b3 Rab8 19.Ne2 b5 20.cxb5 axb5 21.Rd1 Qc7 22.
Rf1 Rf8 23.g4 Qb7 24.Kh2 Rbc8 25.g5 Nc5 26.Ng3 b4 27.h4 Ne6 28.Rd1 Nc7 29.
Ne2 Nb5 30.h5 Nc3 31.Nxc3 bxc3 32.hxg6 hxg6 33.Rh3 Rfd8 34.f5 Ne5 35.Rg1 
gxf5 36.exf5 c2 37.Bxc2 Rxc2 38.Qxc2 Nf3+ 39.Kg3 Nxg1 40.Bxg1 Rc8 41.Qe2 
Qd5 42.Kg4 Rc1 43.Bf2 e6 44.fxe6 fxe6 45.Qf3 Rc2 46.Qxd5 exd5 47.Bg3 Rxa2 
48.Bxd6 d4 49.Rd3 Rc2 50.Kf4 Rf2+ 51.Ke4 Rg2 52.Rg3 Re2+ 53.Kd3 Rb2 54.b4 
Bf8 55.Be5 Rxb4 56.Rg4 Rb3+ 57.Kc4 Rb4+ 58.Kd3 Rb3+ 59.Kc4 Rb4+ 60.Kd3 
1/2-1/2

[Event "East European zonal 3 (w)"]
[Site "Brno CSR"]
[Date "1989.??.??"]
[Round "5"]
[White "Kaczorowska, Barbara"]
[Black "Wagner-Michel, Annett"]
[Result "0-1"]
[WhiteElo "2225"]
[BlackElo "2190"]
[EventDate "1989.09.23"]
[PlyCount "122"]

1.d4 d5 2.c4 e6 3.Nf3 Be7 4.Nc3 Nf6 5.Bg5 O-O 6.e3 h6 7.Bh4 b6 8.Bd3 Bb7 
9.O-O Nbd7 10.cxd5 Nxd5 11.Bxe7 Qxe7 12.Rc1 c5 13.Bb1 cxd4 14.Qxd4 Nxc3 
15.Rxc3 Rac8 16.Rfc1 Rxc3 17.Rxc3 Bxf3 18.gxf3 Qg5+ 19.Qg4 Qb5 20.Qe4 Nf6 
21.Qc2 Qg5+ 22.Kh1 g6 23.Rc4 h5 24.h4 Qe5 25.a4 Qd5 26.Qe2 Qe5 27.Qd2 Nd5 
28.Be4 Rd8 29.Rd4 Qf6 30.Bxd5 Rxd5 31.Rxd5 Qxf3+ 32.Kg1 Qxd5 33.Qc2 Qf3 
34.Qc8+ Kg7 35.Qc3+ Qf6 36.Qb4 Kh7 37.b3 Kg7 38.Kf1 Qa1+ 39.Kg2 Qe5 40.Kg1
Qf5 41.Qc3+ Qf6 42.Qc4 e5 43.b4 Qf3 44.Qc3 Qg4+ 45.Kf1 Qxh4 46.Qxe5+ Qf6 
47.Qe8 h4 48.Kg2 g5 49.Qd7 Qe6 50.Qd4+ Kg6 51.a5 Qc6+ 52.e4 f5 53.axb6 
axb6 54.f3 fxe4 55.fxe4 g4 56.Qd3 Qf6 57.e5+ Qf5 58.Qd6+ Kh5 59.e6 Qf3+ 
60.Kg1 h3 61.Qe5+ Kg6 0-1

[Event "East European zonal 3 (w)"]
[Site "Brno CSR"]
[Date "1989.??.??"]
[Round "5"]
[White "Klusek, Danuta"]
[Black "Prochazkova, Dana"]
[Result "1/2-1/2"]
[WhiteElo "2190"]
[BlackElo "2025"]
[EventDate "1989.09.23"]
[PlyCount "72"]

1.e4 c6 2.d4 d5 3.Nd2 dxe4 4.Nxe4 Bf5 5.Ng3 Bg6 6.h4 h6 7.Nf3 Nd7 8.h5 Bh7
9.Bd3 Bxd3 10.Qxd3 e6 11.Bd2 Ngf6 12.O-O-O Qc7 13.Qe2 O-O-O 14.Kb1 Bd6 15.
Ne4 Nxe4 16.Qxe4 Nf6 17.Qe2 Rhe8 18.Ne5 Bxe5 19.dxe5 Nd5 20.Rhe1 Qe7 21.
Qg4 Rg8 22.a3 Qc5 23.Qf3 Qe7 24.g3 Nc7 25.Qe3 b6 26.c4 Rd7 27.Bb4 c5 28.
Bc3 Rgd8 29.Qf3 Rxd1+ 30.Rxd1 Rxd1+ 31.Qxd1 Qg5 32.Ka1 Qf5 33.Qe2 Qg5 34.
Qf3 Qf5 35.Qe2 Qg5 36.Qf3 Qf5 1/2-1/2

[Event "East European zonal 3 (w)"]
[Site "Brno CSR"]
[Date "1989.??.??"]
[Round "5"]
[White "Madl, Ildiko"]
[Black "Kisova, Petra"]
[Result "1-0"]
[WhiteElo "2310"]
[BlackElo "2105"]
[EventDate "1989.09.23"]
[PlyCount "99"]

1.e4 e5 2.Nf3 Nc6 3.Bb5 a6 4.Ba4 Nf6 5.O-O Be7 6.Re1 b5 7.Bb3 d6 8.c3 O-O 
9.h3 Be6 10.d4 Bxb3 11.axb3 Re8 12.dxe5 dxe5 13.Qe2 Bc5 14.b4 Bb6 15.Nh4 
Ne7 16.Bg5 Qd6 17.Qf3 h6 18.Rd1 Qc6 19.Bxf6 Qxf6 20.Qxf6 gxf6 21.Kf1 h5 
22.g3 a5 23.bxa5 Bxa5 24.Na3 c6 25.Ke2 Bb6 26.Nc2 Kf8 27.Kf3 Rxa1 28.Rxa1 
Rd8 29.Ne3 Rd2 30.Ra8+ Kg7 31.Re8 Bxe3 32.Kxe3 Rd7 33.f3 Kh7 34.Ke2 Ra7 
35.Rd8 Rb7 36.Rd6 Kg7 37.Kd3 Ra7 38.Ke3 Rb7 39.Ng2 f5 40.Nh4 fxe4 41.Kxe4 
b4 42.c4 Ra7 43.Kxe5 Ra2 44.Rd2 b3 45.f4 Ra4 46.Kd4 Nd5 47.Rd3 Nb6 48.Nf5+
Kf6 49.Ne3 Ra2 50.Rxb3 1-0

[Event "East European zonal 3 (w)"]
[Site "Brno CSR"]
[Date "1989.??.??"]
[Round "5"]
[White "Muresan, Margareta"]
[Black "Velvart, Peterne"]
[Result "1/2-1/2"]
[WhiteElo "2215"]
[BlackElo "2220"]
[EventDate "1989.09.23"]
[PlyCount "73"]

1.Nf3 c5 2.c4 Nf6 3.Nc3 d5 4.cxd5 Nxd5 5.g3 Nc6 6.Bg2 Nc7 7.O-O e5 8.d3 
Be7 9.Nd2 Nd4 10.Nc4 f6 11.f4 exf4 12.gxf4 O-O 13.Be3 Rb8 14.Bf2 b5 15.Na5
Nce6 16.Bxd4 Nxd4 17.Nc6 Nxc6 18.Bxc6 Qd4+ 19.Kg2 Bg4 20.Bf3 Be6 21.e3 Qd7
22.Rf2 Rfd8 23.Rd2 f5 24.a3 Bf6 25.Rc1 Bf7 26.Ne2 c4 27.Nd4 Bxd4 28.dxc4 
bxc4 29.Rxd4 Qe7 30.Qd2 Re8 31.e4 fxe4 32.Rxe4 Qf6 33.Rxe8+ Bxe8 34.Rc3 
Bc6 35.Bd5+ Kf8 36.Bxc6 Qxc6+ 37.Kg3 1/2-1/2

[Event "East European zonal 3 (w)"]
[Site "Brno CSR"]
[Date "1989.??.??"]
[Round "5"]
[White "Skacelova, Libuse"]
[Black "Detko, Joanna"]
[Result "1-0"]
[WhiteElo "2160"]
[BlackElo "2175"]
[EventDate "1989.09.23"]
[PlyCount "201"]

1.e4 c5 2.c3 d5 3.exd5 Qxd5 4.d4 Nf6 5.Nf3 e6 6.Nbd2 cxd4 7.Bc4 Qd8 8.Nxd4
Be7 9.O-O O-O 10.Qe2 a6 11.Ne4 Nbd7 12.Re1 Nb6 13.Bb3 Nbd5 14.Bc2 Qc7 15.
Qd3 b5 16.Nxf6+ Nxf6 17.Bg5 g6 18.Qe2 Bb7 19.Nxe6 Qc6 20.Nf4 Bd6 21.Bxf6 
Rfe8 22.Qf1 Bxf4 23.Bh4 Qc5 24.Bg3 Bd2 25.Rxe8+ Rxe8 26.Rd1 Bg5 27.Qd3 Qc6
28.f3 Be3+ 29.Bf2 Bxf2+ 30.Kxf2 Qb6+ 31.Qd4 Qe6 32.Qd2 Qf6 33.Qd4 Qe7 34.
Bd3 Rd8 35.Qe3 Qh4+ 36.Kg1 Bd5 37.b3 Qf6 38.Bc2 Rd6 39.Qd4 Qg5 40.Qd3 Rd7 
41.Qe2 Re7 42.Qd2 Qe5 43.Bd3 Rc7 44.Rc1 h5 45.h4 Re7 46.Kf2 Bb7 47.Re1 
Qc5+ 48.Kf1 Re5 49.Rxe5 Qxe5 50.Qe1 Qf4 51.Kg1 Kg7 52.Bf1 Bc6 53.Qf2 Kh7 
54.Qd4 Qf5 55.Bd3 Qe6 56.Kf2 a5 57.Qc5 Kg8 58.Bxb5 Bxb5 59.Qxb5 Qf6 60.Qc4
Qf5 61.Qe4 Qc5+ 62.Qd4 Qa3 63.Qd8+ Kh7 64.Qd2 Qc5+ 65.Kg3 Qe5+ 66.Kh3 Qf5+
67.Kh2 Qf6 68.Qd4 Qc6 69.a4 Qc7+ 70.Kh1 Qc6 71.Qe5 Qb6 72.Qd5 Qf6 73.Qd4 
Qc6 74.Qc4 Qd7 75.Kh2 Kg8 76.Qf4 Qc6 77.Qb8+ Kh7 78.c4 Qf6 79.Qg3 Qf5 80.
Qg5 Qd3 81.Qxa5 Qd6+ 82.Kh3 Qe6+ 83.Kg3 Qd6+ 84.f4 f6 85.Qd5 Qe7 86.Kf3 
Kg7 87.c5 Qe1 88.c6 Qc3+ 89.Kf2 Qb2+ 90.Kg3 Qc1 91.Qd7+ Kh6 92.Qe6 Qc3+ 
93.Kh2 Qd4 94.Qc4 Qf2 95.Qe4 Qxh4+ 96.Kg1 Qg4 97.c7 Qd7 98.Qc4 Qc8 99.a5 
h4 100.Qc3 Kh5 101.Qxf6 1-0

[Event "East European zonal 3 (w)"]
[Site "Brno CSR"]
[Date "1989.??.??"]
[Round "5"]
[White "Sziva, Erika"]
[Black "Stanciu, Gabriela"]
[Result "1/2-1/2"]
[WhiteElo "2250"]
[BlackElo "2215"]
[EventDate "1989.09.23"]
[PlyCount "37"]

1.e4 e5 2.f4 d5 3.exd5 c6 4.Nc3 exf4 5.Nf3 Nf6 6.d4 Nxd5 7.Nxd5 Qxd5 8.
Bxf4 Be7 9.Be2 O-O 10.O-O Bg4 11.Qd2 Bf6 12.c3 c5 13.h3 Be6 14.dxc5 Qxc5+ 
15.Be3 Qc7 16.Nd4 Bxd4 17.Bxd4 Nc6 18.Bxg7 Kxg7 19.Qg5+ 1/2-1/2

[Event "East European zonal 3 (w)"]
[Site "Brno CSR"]
[Date "1989.??.??"]
[Round "5"]
[White "Veroci-Petronic, Zsuzsa"]
[Black "Savova, Stefka"]
[Result "1-0"]
[WhiteElo "2340"]
[BlackElo "2240"]
[EventDate "1989.09.23"]
[PlyCount "91"]

1.e4 c5 2.Nf3 d6 3.d4 cxd4 4.Nxd4 Nf6 5.Nc3 a6 6.Be3 e5 7.Nf3 Be7 8.Bc4 
Be6 9.Bxe6 fxe6 10.Ng5 Qd7 11.Qf3 d5 12.exd5 exd5 13.O-O-O d4 14.Nce4 O-O 
15.Bd2 Nc6 16.Nxf6+ Bxf6 17.Qb3+ Kh8 18.h4 b5 19.Rh3 b4 20.Qd3 g6 21.Ne4 
Be7 22.f3 Rab8 23.Kb1 a5 24.h5 g5 25.Nxg5 Bxg5 26.Bxg5 b3 27.cxb3 a4 28.
Bd2 axb3 29.a3 Qe6 30.Rc1 Nd8 31.f4 Qd5 32.fxe5 Ne6 33.Rh4 Qxg2 34.Rhh1 
Rf3 35.Rhg1 Qh3 36.Qc4 Qf5+ 37.Ka1 Rf2 38.Rgf1 Rxf1 39.Rxf1 Qh3 40.h6 Re8 
41.Rc1 Rf8 42.Bb4 Re8 43.Be7 Qxh6 44.Bf6+ Kg8 45.Rg1+ Kf8 46.Qb4+ 1-0

[Event "East European zonal 3 (w)"]
[Site "Brno CSR"]
[Date "1989.??.??"]
[Round "5"]
[White "Voiska, Margarita"]
[Black "Ghinda, Eugenia"]
[Result "1/2-1/2"]
[WhiteElo "2335"]
[BlackElo "2200"]
[EventDate "1989.09.23"]
[PlyCount "54"]

1.Nf3 d5 2.d4 c6 3.c4 Nf6 4.Nc3 e6 5.Bg5 Nbd7 6.cxd5 exd5 7.e3 Bd6 8.Bd3 
Nf8 9.O-O Ng6 10.e4 dxe4 11.Nxe4 Be7 12.Nxf6+ Bxf6 13.Re1+ Be6 14.Bxf6 
Qxf6 15.d5 cxd5 16.Qa4+ Kf8 17.Rac1 Nf4 18.Qb4+ Kg8 19.Qxb7 Rd8 20.Bf1 h5 
21.h4 Nh3+ 22.gxh3 Qxf3 23.Qe7 Rb8 24.Rc3 Qf4 25.Rg3 Rh6 26.Ree3 Qf6 27.
Qxa7 Qxb2 1/2-1/2

[Event "East European zonal 3 (w)"]
[Site "Brno CSR"]
[Date "1989.??.??"]
[Round "6"]
[White "Detko, Joanna"]
[Black "Klusek, Danuta"]
[Result "0-1"]
[WhiteElo "2175"]
[BlackElo "2190"]
[EventDate "1989.09.23"]
[PlyCount "40"]

1.e4 e5 2.Nf3 Nc6 3.Bc4 Be7 4.c3 Nf6 5.d4 d6 6.d5 Nb8 7.Bd3 O-O 8.c4 Nbd7 
9.Nc3 Nc5 10.O-O Nxd3 11.Qxd3 Nh5 12.Be3 f5 13.Rfc1 Qe8 14.Nb5 fxe4 15.Qc2
exf3 16.Nxc7 Qd7 17.Nxa8 Qg4 18.Kf1 Qxg2+ 19.Ke1 Bf5 20.Qb3 Nf6 0-1

[Event "East European zonal 3 (w)"]
[Site "Brno CSR"]
[Date "1989.??.??"]
[Round "6"]
[White "Forgo, Eva"]
[Black "Skacelova, Libuse"]
[Result "1-0"]
[WhiteElo "2165"]
[BlackElo "2160"]
[EventDate "1989.09.23"]
[PlyCount "183"]

1.e4 d5 2.exd5 Nf6 3.d4 Nxd5 4.c4 Nb6 5.Nf3 Bg4 6.c5 N6d7 7.Qb3 Nc6 8.Nbd2
e5 9.Bc4 Bh5 10.Qxb7 Nxd4 11.Nxd4 exd4 12.O-O Be7 13.Qd5 Nf6 14.Bb5+ Kf8 
15.Qc4 Qd5 16.Qa4 Qxc5 17.Nb3 Qb4 18.Nxd4 Qxa4 19.Bxa4 Nd5 20.Nc6 Bf6 21.
Bb3 Ne7 22.Nb4 c5 23.Nc2 Be2 24.Re1 Bd3 25.Ne3 h5 26.Rd1 Bb5 27.Nc4 Nf5 
28.Bf4 Bxc4 29.Bxc4 Nd4 30.Rac1 Rd8 31.Bf1 Ne6 32.Bd6+ Be7 33.Be5 h4 34.
Bc4 Rh5 35.Rxd8+ Bxd8 36.Bb8 Bf6 37.b3 a5 38.Kf1 Bd4 39.a4 Ke7 40.Bxe6 
Kxe6 41.Bc7 Rf5 42.Rc2 h3 43.Bxa5 hxg2+ 44.Kxg2 Rg5+ 45.Kf1 Rh5 46.Bc7 Kd7
47.Bg3 Kc6 48.Ke2 Kd5 49.Kd3 Rf5 50.Ke2 Rf6 51.a5 Kc6 52.b4 Kb5 53.bxc5 
Bxc5 54.Ra2 Ra6 55.Bc7 Ra7 56.Bd8 Ra8 57.Rb2+ Kc6 58.Bb6 Bxb6 59.Rxb6+ Kc7
60.Rb5 Ra6 61.h4 Re6+ 62.Kf3 Re1 63.Rf5 f6 64.h5 Rh1 65.Rb5 Kc6 66.Rb6+ 
Kc7 67.Rb5 Kc6 68.Rf5 Kb7 69.Rc5 Ka6 70.Ke4 Rh2 71.f3 Rh4+ 72.f4 Rh3 73.
Kd4 Rh1 74.Kc4 Rh4 75.Rf5 Rh1 76.Kd3 Rd1+ 77.Ke4 Rh1 78.Kf3 Rh3+ 79.Kg4 
Rh1 80.Rd5 Rh2 81.Rc5 Kb7 82.Rc4 Ka6 83.Ra4 Rd2 84.Kf5 Kb5 85.Ra1 Rd7 86.
a6 Ra7 87.h6 gxh6 88.Kxf6 Kc5 89.Kg6 Kd6 90.f5 Ke7 91.f6+ Kf8 92.Rb1 1-0

[Event "East European zonal 3 (w)"]
[Site "Brno CSR"]
[Date "1989.??.??"]
[Round "6"]
[White "Kisova, Petra"]
[Black "Kaczorowska, Barbara"]
[Result "0-1"]
[WhiteElo "2105"]
[BlackElo "2225"]
[EventDate "1989.09.23"]
[PlyCount "158"]

1.e4 c5 2.c3 g6 3.d4 cxd4 4.cxd4 d5 5.exd5 Nf6 6.Nc3 Nxd5 7.Qb3 Nb6 8.d5 
Bg7 9.Be3 O-O 10.Rd1 Bf5 11.Nge2 N8d7 12.Ng3 Qc7 13.Nxf5 gxf5 14.Be2 f4 
15.Bd4 Bxd4 16.Rxd4 Qe5 17.Re4 Qg5 18.g3 Nc5 19.Qb4 Nxe4 20.Qxe4 Rad8 21.
gxf4 Qg6 22.f5 Qg5 23.f4 Qh4+ 24.Kf1 Qf6 25.Rg1+ Kh8 26.Rg3 Rg8 27.Bf3 Nd7
28.Ke2 b6 29.Bg2 Rxg3 30.hxg3 Rg8 31.Kf2 Nc5 32.Qe3 Qxf5 33.Qd4+ f6 34.Ne2
Rd8 35.Ke3 Qc2 36.Bf3 Qb1 37.a3 Qc2 38.b4 Qb3+ 39.Qc3 Qxc3+ 40.Nxc3 Nb7 
41.Be4 Nd6 42.Bd3 Kg7 43.Ne2 Rc8 44.Kd4 h6 45.Nc3 f5 46.Ne2 Kf6 47.Nc3 Rh8
48.Ke3 h5 49.Ne2 Rg8 50.a4 Rc8 51.Kd4 Ne4 52.Bb1 a5 53.bxa5 bxa5 54.Bd3 
Nc5 55.Bb5 Nb3+ 56.Ke3 Nc5 57.Nc3 Nb7 58.Bc6 Nd6 59.Ne2 Rb8 60.Nd4 Ne4 61.
Nxf5 Kxf5 62.Bd7+ Kg6 63.Kxe4 Rb3 64.Be8+ Kh6 65.f5 Rxg3 66.f6 exf6 67.d6 
Rg1 68.Bc6 h4 69.d7 Rg8 70.Kf5 Kg7 71.Ke6 Kg6 72.Ke7 Kg5 73.d8=Q Rxd8 74.
Kxd8 f5 75.Ke7 Kg4 76.Ke6 f4 77.Ke5 f3 78.Ke4 f2 79.Bb5 h3 0-1

[Event "East European zonal 3 (w)"]
[Site "Brno CSR"]
[Date "1989.??.??"]
[Round "6"]
[White "Prochazkova, Dana"]
[Black "Veroci-Petronic, Zsuzsa"]
[Result "0-1"]
[WhiteElo "2025"]
[BlackElo "2340"]
[EventDate "1989.09.23"]
[PlyCount "82"]

1.d4 Nf6 2.c4 g6 3.Nc3 Bg7 4.e4 d6 5.f4 O-O 6.Be2 c5 7.d5 e6 8.Nf3 exd5 9.
e5 Ne4 10.Nxd5 dxe5 11.O-O Nc6 12.fxe5 Nxe5 13.Nxe5 Bxe5 14.Bf4 Bxf4 15.
Rxf4 f5 16.Qd3 Be6 17.Rd1 Bxd5 18.cxd5 Qd6 19.Rff1 Rae8 20.Rfe1 Re7 21.Qc2
Re5 22.Bd3 Rfe8 23.Bb5 R8e7 24.a4 Kg7 25.Bc4 b6 26.a5 Qf6 27.axb6 axb6 28.
Ba2 Nd6 29.Rxe5 Qxe5 30.Qc3 Qxc3 31.bxc3 Re2 32.Bb1 c4 33.Kf1 Re3 34.Rc1 
Kf6 35.Kf2 Re5 36.Rd1 Ke7 37.Ba2 Ne4+ 38.Kf3 Nxc3 39.Rd2 Nxa2 40.Rxa2 Rxd5
41.Ra6 Rd6 0-1

[Event "East European zonal 3 (w)"]
[Site "Brno CSR"]
[Date "1989.??.??"]
[Round "6"]
[White "Savova, Stefka"]
[Black "Madl, Ildiko"]
[Result "1/2-1/2"]
[WhiteElo "2240"]
[BlackElo "2310"]
[EventDate "1989.09.23"]
[PlyCount "28"]

1.e4 c5 2.Nf3 d6 3.d4 cxd4 4.Nxd4 Nf6 5.Nc3 Nc6 6.Bg5 e6 7.Bb5 Bd7 8.Bxc6 
bxc6 9.Qf3 Qa5 10.Bxf6 gxf6 11.O-O-O Qe5 12.Rhe1 Rb8 13.g3 Be7 14.Nb3 Qg5+
1/2-1/2

[Event "East European zonal 3 (w)"]
[Site "Brno CSR"]
[Date "1989.??.??"]
[Round "6"]
[White "Stanciu, Gabriela"]
[Black "Wagner-Michel, Annett"]
[Result "1/2-1/2"]
[WhiteElo "2215"]
[BlackElo "2190"]
[EventDate "1989.09.23"]
[PlyCount "91"]

1.Nf3 d5 2.c4 e6 3.g3 Nf6 4.Bg2 c5 5.cxd5 exd5 6.d4 Nc6 7.O-O Ne4 8.Be3 c4
9.Ne5 f5 10.Nxc6 bxc6 11.f3 Nd6 12.Bf4 Be7 13.e4 O-O 14.Nc3 Nb5 15.exd5 
Nxc3 16.bxc3 cxd5 17.Be5 Qa5 18.Re1 Rf7 19.f4 Bd7 20.Re3 Bf8 21.h3 Re8 22.
Qe2 Rfe7 23.g4 Rf7 24.g5 Bc6 25.Rb1 Rfe7 26.h4 g6 27.Kh2 Kf7 28.Kg3 Bg7 
29.h5 Bxe5 30.fxe5 Ke6 31.Kf4 Qd8 32.hxg6 hxg6 33.Rh3 Rh8 34.Rxh8 Qxh8 35.
Rh1 Rh7 36.Rxh7 Qxh7 37.Kg3 Qe7 38.Qd2 Qa3 39.Bf3 Qe7 40.Bd1 Qe8 41.Bf3 
Qe7 42.Qc1 Qd8 43.Kf4 Qh8 44.Kg3 Qd8 45.Kg2 Qe7 46.Kg3 1/2-1/2

[Event "East European zonal 3 (w)"]
[Site "Brno CSR"]
[Date "1989.??.??"]
[Round "6"]
[White "Sziva, Erika"]
[Black "Muresan, Margareta"]
[Result "1-0"]
[WhiteElo "2250"]
[BlackElo "2215"]
[EventDate "1989.09.23"]
[PlyCount "113"]

1.e4 c6 2.d4 d5 3.exd5 cxd5 4.c4 Nf6 5.Nc3 e6 6.Nf3 Bb4 7.cxd5 Nxd5 8.Qb3 
Nc6 9.Bd3 O-O 10.O-O Be7 11.a3 Bf6 12.Rd1 g6 13.Be4 Na5 14.Qc2 Nxc3 15.
Qxc3 Bd7 16.Bd2 Nc6 17.Bh6 Re8 18.Qd2 Ne7 19.Bxb7 Rb8 20.Be4 Ba4 21.Re1 
Nd5 22.Ne5 Bh8 23.Rac1 f5 24.Bb1 Qb6 25.Bc2 Bxc2 26.Rxc2 Nf6 27.Be3 Qb3 
28.f3 Nd5 29.Bg5 Bg7 30.Rec1 Qb6 31.Kh1 Qb3 32.h4 a5 33.Nc6 Rbc8 34.Bh6 
Bf6 35.Bg5 Bg7 36.Nxa5 Rxc2 37.Rxc2 Qb8 38.Nc6 Qg3 39.Qf2 Qd6 40.Bc1 f4 
41.b4 Bf6 42.b5 Qf8 43.g4 fxg3 44.Qxg3 Bxh4 45.Qxh4 Qxf3+ 46.Kh2 Qd1 47.
Qe4 Qh5+ 48.Kg2 Nf6 49.Qf3 Ng4 50.Bf4 Rf8 51.Rc5 Qh4 52.Qg3 Ne3+ 53.Kg1 
Qxf4 54.Qxf4 Rxf4 55.b6 Rf1+ 56.Kh2 Rb1 57.Nb4 1-0

[Event "East European zonal 3 (w)"]
[Site "Brno CSR"]
[Date "1989.??.??"]
[Round "6"]
[White "Velvart, Peterne"]
[Black "Voiska, Margarita"]
[Result "0-1"]
[WhiteElo "2220"]
[BlackElo "2335"]
[EventDate "1989.09.23"]
[PlyCount "58"]

1.d4 e6 2.c4 f5 3.Nf3 Nf6 4.g3 d5 5.Bg2 c6 6.Nbd2 Bd6 7.O-O b6 8.Ne5 Bb7 
9.Ndf3 O-O 10.b3 Qe7 11.Bb2 Na6 12.e3 c5 13.Qe2 Rac8 14.Rac1 Nb4 15.Ba1 
Rfd8 16.Rfd1 Ne4 17.Nd3 a5 18.Nde5 Bb8 19.Qb2 Rc7 20.Bf1 Nc6 21.Nxc6 Rxc6 
22.Ne5 Bxe5 23.dxe5 Rc7 24.Qc2 Rcd7 25.Bg2 dxc4 26.bxc4 Rd2 27.Rxd2 Rxd2 
28.Qb3 Qd7 29.f3 Rxg2+ 0-1

[Event "East European zonal 3 (w)"]
[Site "Brno CSR"]
[Date "1989.??.??"]
[Round "7"]
[White "Genova, Ruzhka"]
[Black "Velvart, Peterne"]
[Result "0-1"]
[WhiteElo "2210"]
[BlackElo "2220"]
[EventDate "1989.09.23"]
[PlyCount "92"]

1.d4 d5 2.Nf3 e6 3.c4 c5 4.cxd5 exd5 5.g3 Nf6 6.Bg2 Nc6 7.O-O Be7 8.Bg5 
cxd4 9.Nxd4 O-O 10.Nc3 h6 11.Be3 Re8 12.Rc1 Bg4 13.h3 Bh5 14.Qa4 Qd7 15.
Rfd1 a6 16.Nxc6 bxc6 17.b4 Qb7 18.a3 Rad8 19.Qa5 Nd7 20.g4 Bg6 21.Bd4 Bd6 
22.e3 Bc7 23.Qa4 Bb6 24.Ne2 Rc8 25.Nf4 Be4 26.f3 Bg6 27.Bf1 Rxe3 28.Kf2 
Rce8 29.Nxg6 Bxd4 30.Rxd4 Qb6 31.Rcd1 fxg6 32.Bxa6 Re1 33.Bf1 Rxd1 34.Qxd1
Ra8 35.a4 Rxa4 36.Qxa4 Qxd4+ 37.Kg2 Ne5 38.Qb3 Kh7 39.h4 Qd2+ 40.Kg3 Qe1+ 
41.Kg2 d4 42.b5 cxb5 43.Bxb5 d3 44.Qd5 d2 45.Ba4 Qe2+ 46.Kg3 Nd3 0-1

[Event "East European zonal 3 (w)"]
[Site "Brno CSR"]
[Date "1989.??.??"]
[Round "7"]
[White "Klusek, Danuta"]
[Black "Forgo, Eva"]
[Result "1/2-1/2"]
[WhiteElo "2190"]
[BlackElo "2165"]
[EventDate "1989.09.23"]
[PlyCount "63"]

1.e4 e5 2.Nf3 Nc6 3.Bb5 a6 4.Ba4 Nf6 5.O-O Nxe4 6.d4 b5 7.Bb3 d5 8.dxe5 
Be6 9.Nbd2 Nc5 10.c3 Be7 11.Qe2 Qd7 12.Nd4 O-O 13.Bc2 f5 14.N2b3 Nxb3 15.
Bxb3 Na5 16.Bc2 c6 17.f4 Nb7 18.Be3 Nc5 19.Rad1 g6 20.Kh1 Ne4 21.Bd3 c5 
22.Nf3 Rad8 23.Qc2 Qc8 24.a3 Rd7 25.Rc1 Rc7 26.Rfd1 Qb7 27.Qe2 Rfc8 28.a4 
Rb8 29.axb5 axb5 30.Ra1 b4 31.c4 Ra8 32.cxd5 1/2-1/2

[Event "East European zonal 3 (w)"]
[Site "Brno CSR"]
[Date "1989.??.??"]
[Round "7"]
[White "Madl, Ildiko"]
[Black "Prochazkova, Dana"]
[Result "1-0"]
[WhiteElo "2310"]
[BlackElo "2025"]
[EventDate "1989.09.23"]
[PlyCount "65"]

1.e4 c6 2.d4 d5 3.Nc3 dxe4 4.Nxe4 Bf5 5.Ng3 Bg6 6.Bc4 e6 7.N1e2 Nf6 8.O-O 
Bd6 9.f4 Qd7 10.Bd3 Bxd3 11.Qxd3 g6 12.b3 Be7 13.Bb2 Rg8 14.c4 Na6 15.Qf3 
Nc7 16.Rad1 O-O-O 17.Nc1 h5 18.Nd3 Ng4 19.Ne5 Nxe5 20.dxe5 Bc5+ 21.Kh1 Qe7
22.Ne4 Rxd1 23.Rxd1 Rd8 24.Rxd8+ Kxd8 25.Qd3+ Kc8 26.Nd6+ Bxd6 27.exd6 Qd7
28.Qd4 Ne8 29.c5 b6 30.b4 bxc5 31.bxc5 Qb7 32.Qh8 Kd8 33.Qf8 1-0

[Event "East European zonal 3 (w)"]
[Site "Brno CSR"]
[Date "1989.??.??"]
[Round "7"]
[White "Muresan, Margareta"]
[Black "Stanciu, Gabriela"]
[Result "1/2-1/2"]
[WhiteElo "2215"]
[BlackElo "2215"]
[EventDate "1989.09.23"]
[PlyCount "40"]

1.d4 d5 2.c4 e6 3.Nf3 Be7 4.Nc3 Nf6 5.Bg5 O-O 6.e3 h6 7.Bh4 Nbd7 8.Rc1 c6 
9.Bd3 dxc4 10.Bxc4 b5 11.Be2 Bb7 12.O-O a6 13.Bxf6 Nxf6 14.Ne5 Qb6 15.Qb3 
Rac8 16.Bf3 c5 17.Na4 Qa7 18.Nxc5 Bxf3 19.Nxf3 Bxc5 20.Rxc5 Rxc5 1/2-1/2